|
|
|
|
| LEADER |
00000cam a2200000 a 4500 |
| 001 |
1/119613 |
| 008 |
190716s19--####gr | ||| |||| ||gre|| |
| 040 |
|
|
|a GR-MyUa
|b gre
|c GR-MyUa
|e AACR2
|
| 041 |
0 |
|
|a gre
|
| 082 |
7 |
|
|a 792.09495
|2 (23)
|
| 100 |
1 |
|
|a Σιδέρης, Γιάννης.
|
| 245 |
1 |
0 |
|a Ιστορία του νέου ελληνικού θεάτρου :
|b 1794-1944 /
|c Γιάννη Σιδέρη.
|
| 260 |
|
|
|a [Αθήνα] :
|b Ίκαρος,
|c [19--].
|
| 300 |
|
|
|a τ. ;
|c 21 εκ.
|
| 504 |
|
|
|a Περιέχει βιβλιογραφικές παραπομπές.
|
| 505 |
8 |
|
|a Τ.1. (1794-1908), Ευρωπαϊκός κλασικισμός, Ρομαντισμός, Ελληνικός νεοκλασικισμός, Αναγέννηση, Ίψεν και βουλεβάρτο, Θίασοι, ηθοποιοί, θέατρα, ερασιτεχνία, εκδόσεις, σκηνοθεσία, Η ''Νέα Σκηνή'' και το ''Βασιλικόν Θέατρον''
|
| 650 |
|
0 |
|a Theater
|z Greece
|x History
|y 20th century.
|
| 650 |
|
0 |
|a Folk drama, Greek (Modern)
|x History and criticism.
|
| 650 |
|
0 |
|a Theater
|z Greece
|x History
|y 19th century.
|
| 740 |
0 |
|
|a (1794-1908), Ευρωπαϊκός κλασικισμός, Ρομαντισμός, Ελληνικός νεοκλασικισμός, Αναγέννηση, Ίψεν και βουλεβάρτο, Θίασοι, ηθοποιοί, θέατρα, ερασιτεχνία, εκδόσεις, σκηνοθεσία, Η ''Νέα Σκηνή'' και το ''Βασιλικόν Θέατρον''
|
| 852 |
|
|
|a INST
|b RHODES
|c AKA
|e 20190716
|h 792.09495 ΣΙΔ
|p 005400040990
|q 005400040990
|t BK
|v τομ.1:
|y 0
|
| 853 |
|
|
|a INST
|b RHODES
|c AKA
|h 792.09495 ΣΙΔ
|
| 970 |
|
|
|z 16-07-2019
|